| 000 | 00000nas 2200000za 4500 |
| 001 | 9.506976 |
| 003 | CaOODSP |
| 005 | 20210705115226 |
| 007 | cr ||||||||||| |
| 008 | 150406d20022002xxc|| p o||||f| |0eng|d |
| 040 | |aCaOODSP|beng |
| 043 | |an-cn--- |
| 086 | 1 |aH115-17E-PDF |
| 110 | 1 |aCanada. |bCanadian Institute for Health Information. |
| 245 | 10|aCanadian MIS database - hospital financial performance indicators |h[electronic resource] |
| 260 | |aOttawa - Ontario : |bCanadian Institute for Health Information |
| 310 | |aAnnual |
| 362 | 1 |a[1995/1996 to 2001/2002]-- |
| 690 | 07|aPerformance indicators|2gcpds |
| 775 | 08|tBase de données canadienne SIG - indicateurs du rendement financier des hôpitaux |w(CaOODSP)9.503371 |